书目信息 |
| 题名: |
离散数学
|
|
| 作者: | 李盘林 编著 | |
| 分册: | ||
| 出版信息: | 北京 高等教育出版社 1999.06 |
|
| 页数: | 343页 | |
| 开本: | 16开 | |
| 丛书名: | ||
| 单 册: | ||
| 中图分类: | O158-43 | |
| 科图分类: | ||
| 主题词: | 代数 , 数论 , 组合数学 | |
| 电子资源: | ||
| ISBN: | 7-04-006991-1 | |
| 000 | 00582nam0 2200217 45 | |
| 001 | 0106210819 | |
| 005 | 20010621082729.9 | |
| 010 | @a7-04-006991-1@d23.40元 | |
| 100 | @a20010621d1999 km y0chiy0120 ea | |
| 101 | 0 | @achi |
| 105 | @a z 000yy | |
| 200 | 1 | @a离散数学@ALi San Shu Xue@f李盘林等编著@FLi Pan Lin Deng Bian Zhu |
| 210 | @a北京@c高等教育出版社@d1999.06 | |
| 215 | @a343页@d16开 | |
| 606 | 0 | @a代数 |
| 606 | 0 | @a数论 |
| 606 | 0 | @a组合数学 |
| 690 | @aO158-43@v3 | |
| 701 | 0 | @a李盘林@4编著 |
| 801 | @aCN@bPftUser@c20010621 | |
| 905 | @f10@b349775-784@dO158-43@eL457 | |
| 离散数学/李盘林等编著.-北京:高等教育出版社,1999.06 |
| 343页;16开 |
| ISBN 7-04-006991-1:23.40元 |
| ● |
| 相关链接 |
|
|
|
正题名:离散数学
索取号:O158-43/L457
 
预约/预借
| 序号 | 登录号 | 条形码 | 馆藏地/架位号 | 状态 | 备注 |
| 1 | 349775 | 203497750 | 自科二线504/504自科库 48排1列1层/ [索取号:O158-43/L457] | 在馆 | |
| 2 | 349776 | 203497769 | 自科二线504/504自科库 48排1列1层/ [索取号:O158-43/L457] | 在馆 | |
| 3 | 349777 | 203497778 | 自科二线504/504自科库 48排1列1层/ [索取号:O158-43/L457] | 在馆 | |
| 4 | 349778 | 203497787 | 自科二线504/504自科库 48排1列1层/ [索取号:O158-43/L457] | 在馆 | |
| 5 | 349779 | 203497796 | 数理学院资料室/ [索取号:O158-43/L457] | 在馆 | |
| 6 | 349780 | 203497803 | 自科二线504/504自科库 48排1列1层/ [索取号:O158-43/L457] | 在馆 | |
| 7 | 349781 | 203497812 | 自科二线504/504自科库 48排1列1层/ [索取号:O158-43/L457] | 在馆 | |
| 8 | 349782 | 203497821 | 自科二线504/504自科库 48排1列1层/ [索取号:O158-43/L457] | 在馆 | |
| 9 | 349783 | 203497830 | 自科二线504/504自科库 48排1列1层/ [索取号:O158-43/L457] | 在馆 | |
| 10 | 349784 | 203497849 | 数理学院资料室/ [索取号:O158-43/L457] | 在馆 |